THE COMPLETE IDIOT'S GUIDE TO MUSIC THEORY (Record no. 22383)

MARC details
000 -LEADER
fixed length control field 00528nam a22001937a 4500
003 - CONTROL NUMBER IDENTIFIER
control field OSt
005 - DATE AND TIME OF LATEST TRANSACTION
control field 20260518161914.0
008 - FIXED-LENGTH DATA ELEMENTS--GENERAL INFORMATION
fixed length control field 260518b |||||||| |||| 00| 0 eng d
020 ## - INTERNATIONAL STANDARD BOOK NUMBER
International Standard Book Number 978-1-59257-437-7
040 ## - CATALOGING SOURCE
Transcribing agency Chuka University Library
050 ## - LIBRARY OF CONGRESS CALL NUMBER
Classification number MT 6
Item number .M5 2005
100 ## - MAIN ENTRY--PERSONAL NAME
Personal name Miller Michael
9 (RLIN) 25281
245 ## - TITLE STATEMENT
Title THE COMPLETE IDIOT'S GUIDE TO MUSIC THEORY
250 ## - EDITION STATEMENT
Edition statement Second
260 ## - PUBLICATION, DISTRIBUTION, ETC.
Place of publication, distribution, etc. Indianapolis,Indiana
Name of publisher, distributor, etc. Alpha
Date of publication, distribution, etc. 2005
300 ## - PHYSICAL DESCRIPTION
Extent 291
Other physical details Illustrations
650 ## - SUBJECT ADDED ENTRY--TOPICAL TERM
Topical term or geographic name entry element Music theory
9 (RLIN) 22311
942 ## - ADDED ENTRY ELEMENTS (KOHA)
Source of classification or shelving scheme Library of Congress Classification
Koha item type Long Loan Books
Suppress in OPAC No
Holdings
Withdrawn status Lost status Source of classification or shelving scheme Damaged status Not for loan Collection Home library Current library Shelving location Date acquired Total Checkouts Full call number Barcode Date last seen Copy number Cost, replacement price Price effective from Koha item type
    Library of Congress Classification     General Collection Books Main Campus Library Main Campus Library General Stacks 18/05/2026   MT 6 .M5 2005 31877/2026 18/05/2026 1 2451.00 18/05/2026 Long Loan Books

Powered by Koha